| 000 | 00822cam a22002531 4500 | ||
|---|---|---|---|
| 001 | 7914336 | ||
| 003 | ARRUPE | ||
| 005 | 20141203125904.0 | ||
| 008 | 800904q19501959enka 000 0 eng | ||
| 010 | _a 53024251 | ||
| 015 | _aGB52-2856 | ||
| 035 | _a(OCoLC)6682460 | ||
| 040 |
_aDLC _cAzTeS _dUk _dDLC |
||
| 050 | 0 | 0 |
_aSPC QL62 _b.W3 1950 |
| 100 | 1 |
_aWaldeck, Theodore J. _913078 |
|
| 245 | 1 | 0 |
_aTreks across the veld. _c/ Theodore J. Waldeck; Illustrated by Ivan T. Sanderson. |
| 260 |
_aLondon, _bMuseum Press _c1950 |
||
| 300 |
_a160 p. _billus. _c22 cm. |
||
| 650 | 0 |
_aZoological specimens _xCollection and preservation. _910783 |
|
| 650 | 0 |
_aHunting _zSouth Africa. _913079 |
|
| 651 | 0 |
_aSouth Africa _xDescription and travel. _913080 |
|
| 906 |
_a7 _bcbc _coclcrpl _du _encip _f19 _gy-gencatlg |
||
| 942 |
_2lcc _cSPC |
||
| 999 |
_c121397 _d121397 |
||